Obras [de Enrique González Martínez] : prosa II : novelas, cuentos y crónica, crítica literaria, discursos y conferencias, prólogos /
Enrique González Martínez (1871-1952), poeta jalisciense nacido en Guadalajara. Emigró a Sinaloa donde fue prefecto político de Mocorito, El Fuerte y Mazatlán. Formado universitariamente como médico, combinó el ejercicio profesional con una práctica poética preocupada por la innovación y el cuidado...
Guardado en:
| 主要作者: | |
|---|---|
| 格式: | 圖書 |
| 語言: | 西班牙语 |
| 出版: |
México :
El Colegio Nacional,
2002, c2002
|
| 主題: | |
| 標簽: |
沒有標簽, 成為第一個標記此記錄!
|
MARC
| LEADER | 00000nam^a2200000^a^4500 | ||
|---|---|---|---|
| 001 | 000153415 | ||
| 005 | 20250521000000.0 | ||
| 009 | 20260310100319.272 | ||
| 020 | |a 970-640-197-0 | ||
| 020 | |a 970-640-022-2 | ||
| 037 | |a Acervo ITESO - Biblioteca | ||
| 041 | |a ESP | ||
| 082 | |a 868. |b OBR GON V. 4 | ||
| 100 | |a González Martínez, Enrique |e (autor) | ||
| 240 | 1 | 1 | |a [Obras de El Colegio Nacional] |
| 240 | 1 | 1 | |a [Obras de Enrique González Martínez] |
| 245 | 1 | 0 | |a Obras [de Enrique González Martínez] : |b prosa II : novelas, cuentos y crónica, crítica literaria, discursos y conferencias, prólogos / |c E. González Martínez. |
| 264 | 4 | |a México : |b El Colegio Nacional, |c 2002, c2002 | |
| 300 | |a XI, 576 p. | ||
| 336 | |a texto |b txt |2 rdacontenido | ||
| 337 | |a sin mediación |b n |2 rdamedio | ||
| 338 | |a volumen |b nc |2 rdasoporte | ||
| 520 | |a Enrique González Martínez (1871-1952), poeta jalisciense nacido en Guadalajara. Emigró a Sinaloa donde fue prefecto político de Mocorito, El Fuerte y Mazatlán. Formado universitariamente como médico, combinó el ejercicio profesional con una práctica poética preocupada por la innovación y el cuidado formal, y atravesada por una reflexión sobre el sentido y el misterio de la existencia. Perteneció a la Academia Mexicana de la Lengua y fue miembro fundador de la Academia de Cultura Mexicana. Obtuvo el Premio Nacional de Literatura Manuel Avila Camacho en 1944. Su poética incluye títulos como Preludios (1903), Lirismos (1907), Silénter (1909), Los senderos ocultos (1911), La muerte del cisne (1915), La hora inútil (1916), El libro de la fuerza y del sueño (1917), Parábolas y otros poemas (1918), Jardines de Francia (1919), Las palabras del viento (1921), El Romero alucinado (1923), Poemas truncos (1935), Ausencia y canto (1937), Segundo despertar y otros poemas (1945), Vilano al viento (1948), Babel (1949) y El nuevo Narciso y otros poemas (1952), entre otros. Misterio de una vocación es el título de su autobiografía, que comprende los volúmenes El hombre del búho (1944) y La apacible locura (1951). | ||
| 649 | |a XX | ||
| 650 | |a Cuentos Jaliscienses | ||
| 650 | |a Cuentos Mexicanos | ||
| 650 | |a Crónicas Jaliscienses | ||
| 650 | |a Crónicas Mexicanas | ||
| 650 | |a Ensayos Jaliscienses | ||
| 650 | |a Ensayos Mexicanos | ||
| 650 | |a Modernismo (Literatura) - |z México | ||
| 650 | |a Literatura Jalisciense - |y Siglo XX | ||
| 650 | |a Literatura Mexicana - |y Siglo XX | ||
| 650 | |a Literatura - |x Historia y Crítica | ||
| 910 | |a Fondo General | ||
| 920 | |a Impresos - Libros | ||
| 930 | |a Colección General | ||
| 940 | |a Literatura | ||
| 905 | |a 101 | ||
| 901 | |a 0500082013 |b IT1 |c LIT |u 20250521 | ||
| 902 | |a https://opac.biblio.iteso.mx/vufind/Record/000153415 | ||